Geography Quizhanger #12 - Statistics

General Stats
  • This quiz has been taken 185 times
  • The average score is 5 of 7
Answer Stats
Clue Answer % Correct
Capital of Jordan (A)mman
93%
Country known as South-West Africa until 1990 when it gained independence (N)amibia
86%
Tallest mountain in Europe (E)lbrus
81%
Second largest city in Pakistan (L)ahore
81%
Longest river in Burma (I)rrawaddy
66%
MOUNTAIN Denali
65%
Currency of Armenia (D)ram
65%
No matching quizzes found
Score Distribution
Percent of People with Each Score
Percentile by Number Answered
Your Score History
You have not taken this quiz